| 000 | 00920nam a22002417a 4500 | ||
|---|---|---|---|
| 003 | AR-RoUNCS | ||
| 005 | 20260212100359.0 | ||
| 008 | 050606s1996 ag gr 000 f spa | ||
| 015 | _aAR-1996 | ||
| 020 | _a950-742-762-7 | ||
| 040 |
_aAR-BaBN _bspa _cAR-RoUNCS _eaacr |
||
| 080 | 1 |
_a82-32(82) _22016 |
|
| 100 | 1 |
_aSabato, Ernesto, _d1911-2011 _eautor _4aut |
|
| 245 | 1 | 3 |
_aEl túnel / _cErnesto Sabato. |
| 250 | _a1a ed. | ||
| 260 |
_aBuenos Aires : _bPlaneta Argentina, _c1996. |
||
| 300 |
_a158 p. ; _c18 cm. |
||
| 490 | 0 | _aPlaneta Bolsillo | |
| 520 | 3 | _aEn una trama de amor y muerte que aborda la soledad del individuo contemporáneo, el pintor Juan Pablo Castel se debate por comprender las causas que lo arrastraron a matar a la mujer que amaba, María Iribarne, y que era su única vía de salvación. | |
| 650 | 7 |
_2embne _aLiteratura argentina |
|
| 655 | 7 |
_aNovelas experimentales _2embne |
|
| 942 |
_2udc _cOG _n0 |
||
| 999 |
_c901 _d901 |
||